000 nam a22 7a 4500
999 _c100936
_d100935
005 20191101121036.0
008 190327b ||||| |||| 00| 0 eng d
020 _a9788126453580
080 _aFM
_bJEE/N
100 _aJeevan, Job Thomas
245 _aNidramoshanam (നി(ദാ മോഷണം )
260 _aKottayam
_bD C BOOKS
_c2018
300 _a192p.
653 _aFiction-Malayam Literature
942 _cBK